00511pam a2200169 a 4500020001500000040000800015082002600023100001700049245002900066250001200095260004600107300004700153650001100200650001400211856006200225856005400287 a0697219100 cDLC00a579 WCB 1998 A082 Or.1 aSze, Philip,12aA biology of the algae / a3rd ed. aBoston, Mass. :bWCB/McGraw-Hill,cc1998. aviii, 278 p. :bill. (some col.) ;c26 cm. 0aAlgae. 0aAlgology.42uhttp://www.loc.gov/catdir/description/mh022/97010511.html41uhttp://www.loc.gov/catdir/toc/mh023/97010511.html